• 首页
  • 本馆介绍
  • 公告通知
  • 最新文献
  • 馆藏检索
  • 电子资源
  • 读者导购
  • 参考咨询
  • 我的图书馆
  • 登录
  • 详细信息显示
  • 放入我的书架
  • 预约/预借图书
  • 作者相关作品
  • 分类相关作品
  • 丛书相关作品
  • 出版社相关作品

书目信息

  • 表格格式
  • 工作单格式
  • 卡片格式
题名:
铁路客运组织
    
 
作者: 王越 主编
分册:  
出版信息: 北京   人民交通出版社股份有限公司  2019
页数: 287页
开本: 26cm
丛书名:
单 册:
中图分类: U293.1
科图分类:
主题词: 铁路运输--客运组织--职业教育--教材
电子资源:
ISBN: 978-7-114-15551-2
000 00665cam0 2200229 450
001 2362629786
005 20231226172435.52
010    @a978-7-114-15551-2@dCNY 49.00
100    @a20190902d2019 em y0chiy0120 ea
101 0  @achi
102    @aCN@b110000
105    @aak z 000yy
200 1  @a铁路客运组织@Atie lu ke yun zu zhi@b专著@f王越主编
205    @a2版
210    @a北京@c人民交通出版社股份有限公司@d2019
215    @a287页@c图@d26cm
300    @a全国职业教育铁道运输类专业规划教材
606 0  @a铁路运输@x客运组织@x职业教育@j教材
690    @aU293.1@v5
701  0 @a王越@Awang yue@4主编
801  2 @aCN@b辽宁北配@c20231205
905    @aBZT@dU293.1@e4=2
    
    铁路客运组织/王越主编.-2版.-北京:人民交通出版社股份有限公司,2019
    287页:图;26cm
    全国职业教育铁道运输类专业规划教材
    
    ISBN 978-7-114-15551-2:CNY 49.00
    
●
相关链接 在五车中查询图书 在当当中查询图书 在豆瓣中查询图书


正题名:铁路客运组织     索取号:U293.1/4=2         预约/预借

序号 登录号 条形码 馆藏地/架位号 状态 备注
1 2001714178   2001714178   辽三/辽宁北配(第三批)/4180/ [索取号:U293.1/4=2] 在馆    
2 2001714179   2001714179   辽三/辽宁北配(第三批)/4180/ [索取号:U293.1/4=2] 在馆    
3 2001714180   2001714180   辽三/辽宁北配(第三批)/4180/ [索取号:U293.1/4=2] 在馆    
4 2001714181   2001714181   辽三/辽宁北配(第三批)/4180/ [索取号:U293.1/4=2] 在馆    
5 2001714182   2001714182   辽三/辽宁北配(第三批)/4180/ [索取号:U293.1/4=2] 在馆    
6 2001714183   2001714183   辽三/辽宁北配(第三批)/4180/ [索取号:U293.1/4=2] 在馆    
7 2001714184   2001714184   辽三/辽宁北配(第三批)/4180/ [索取号:U293.1/4=2] 在馆    
8 2001714185   2001714185   辽三/辽宁北配(第三批)/4180/ [索取号:U293.1/4=2] 在馆    
9 2001714186   2001714186   辽三/辽宁北配(第三批)/4180/ [索取号:U293.1/4=2] 在馆    
10 2001714187   2001714187   辽三/辽宁北配(第三批)/4180/ [索取号:U293.1/4=2] 在馆    
11 2001714188   2001714188   辽三/辽宁北配(第三批)/4180/ [索取号:U293.1/4=2] 在馆    
12 2001714189   2001714189   辽三/辽宁北配(第三批)/4180/ [索取号:U293.1/4=2] 在馆    
13 2001714190   2001714190   辽三/辽宁北配(第三批)/4180/ [索取号:U293.1/4=2] 在馆    
14 2001714191   2001714191   辽三/辽宁北配(第三批)/4180/ [索取号:U293.1/4=2] 在馆    
15 2001714192   2001714192   辽三/辽宁北配(第三批)/4180/ [索取号:U293.1/4=2] 在馆    
山东省滨州职业学院图书馆 欢迎您!
大连网信软件有限公司© 版权所有